000 00812cam a2200253 a 4500
005 20260322212012.0
008 data
010 _a 2007925214
020 _a9780970133472 (alk. paper)
020 _a0970133472
040 _aDLC
_cDLC
_dDLC
050 0 0 _aHQ2037
_b.P47 2007
092 _a646.7 P47 2007
100 1 _aPestalozzi, Tina.
245 1 0 _aLife skills 101 :
_ba practical guide to leaving home and living on your own /
_cTina Pestalozzi.
250 _a3rd ed.
260 _a[Cortland, Ohio] :
_bStonewood Publications,
_cc2007.
300 _a188 p. ;
_c22 cm.
504 _aIncludes bibliographical references (p. [177]-179) and index.
650 0 _aLife skills.
650 0 _aSelf-help techniques.
856 4 1 _3Table of contents
_uhttp://www.loc.gov/catdir/toc/fy0801/2007925214.html
001 data
999 _c241
_d241